Le Signifiant imaginaire (notice n° 9457)
[ vue normale ]
| 000 -Label | |
|---|---|
| leader | 01096 2200253 4500 |
| 010 ## - ISBN | |
| ISBN | 2264001364 |
| 099 ## - Informations locales | |
| Type de document | Livre |
| 100 ## - Données générales de traitement | |
| a | 19770607d1977 m y0frey50 ba |
| 101 0# - Langue | |
| langue document | français |
| 102 ## - Pays d'édition ou de production | |
| pays d'édition | France |
| 200 1# - Titre | |
| titre propre | Le Signifiant imaginaire |
| type de document | Livre |
| sous-titre | Psychanalyse et Cinéma |
| auteur | Christian Metz |
| 210 ## - Editeur | |
| lieu de publication | Paris |
| nom de l'éditeur | Union générale d'éditions |
| date de publication | 1977 |
| 215 ## - Description | |
| Importance matérielle | 370 p. |
| autres carac. | couv. ill. en coul. |
| format | 18 cm |
| 225 ## - collection | |
| Collection | 10-18 |
| numéro du volume | 1134 |
| mention de responsabilité | Christian Bourgois |
| 330 ## - Résumé | |
| Résumé | Le cinéma comme institution du signifiant: d'emblée historique, et pas seulement par ses « contenus ».<br/><br/>La machine-cinéma dans l'imaginaire et dans la symbolique d'une civilisation.<br/><br/>Appareils: psychique, optique. Jeux de miroirs (décalés).<br/><br/>Vers une seconde « sémiologie », ou le sens comme opération. |
| 606 ## - sujets | |
| numéro de la notice d'autorité | 11965199 |
| sujet | Sémiotique et cinéma |
| koha internal code | 25743 |
| 606 ## - sujets | |
| numéro de la notice d'autorité | 11970727 |
| sujet | Psychanalyse et cinéma |
| koha internal code | 25744 |
| 700 ## - Auteur | |
| N° autorité | 12306614 |
| auteur | Metz |
| prénom | Christian |
| code de fonction | Auteur |
| koha internal code | 25745 |
| 702 ## - Auteur secondaire | |
| code de fonction | Illustrateur |
| nom | Bernard |
| prénom | Pierre |
| koha internal code | 25746 |
| 801 #0 - source de catalogage | |
| pays | FR |
| agence de catalogage | FR-751131015 |
| date de la transaction | 19770607 |
| règles de catalogage utilisées | AFNOR |
| 801 #0 - source de catalogage | |
| pays | TN |
| agence de catalogage | 32Bis |
| 830 ## - note | |
| catalogeur | ABA |
| Propriétaire | Dépositaire | Localisation | Code barre | Numéro Inventaire | Cote | Note | Statut |
|---|---|---|---|---|---|---|---|
| The 32bis Library | The 32bis Library | Salle de lecture 32BIS | 007242 | 7161 | 791.43 MET | Dépôt MAB | Consultable sur place |